A poem, spoken at the public commencement at Yale College, in New Haven, September 12, 1781.

Bibliographic Details
Main Author: Barlow, Joel, 1754-1812
Format: Book
Language:English

MARC

Tag First Indicator Second Indicator Subfields
LEADER 00000cam a2200000 i 4500
001 in00000201208
005 20151009064501.0
008 750516r19671781kyu b 00000 eng d
035 |a (OCoLC)01336976 
035 |9 AAY2244AM 
040 |a GUA  |c GUA  |d TXA  |d UtOrBLW 
049 |a TXAI 
099 |a fiche  |a B  |a 480 
100 1 |a Barlow, Joel,  |d 1754-1812. 
245 1 2 |a A poem, spoken at the public commencement at Yale College, in New Haven, September 12, 1781. 
264 3 |a Hartford :  |b printed by Hudson & Goodwin,  |c [1781] 
300 |a 16 pages ;  |c 19 cm. 
336 |a text  |b txt  |2 rdacontent 
337 |a microform  |b h  |2 rdamedia 
338 |a microfiche  |b he  |2 rdacarrier 
500 |a "Mainly in theme a prior study of the author's Vision of Columbus, as that in its turn is of his Columbiad."--Yale biographies and annuals, volume 4, page 9. 
500 |a Microfiche. Louisville, Ky. : Lost Cause Press, 1967. -- 2 sheets ; 7.5 x 12.5 cm. -- (Sabin, Joseph, 1821-1881. [Bibliotheca Americana] Selected Americana. [Microfiche edition]). 
500 |a "Copied from the original in the Library of Congress." 
500 |a Microform. 
999 |a MARS 
999 f f |s 922ab5dc-a94a-3f50-94e9-5f5bdb4a45c1  |i 171085eb-c763-338a-b374-2e20f2f2c22f  |t 0 
952 f f |p default  |a Texas A&M University  |b College Station  |c Sterling C. Evans Library  |d Evans: Microforms (3rd floor)  |t 0  |e fiche B 480  |h Other scheme  |i microform -- microfiche 
998 f f |a fiche B 480  |t 0  |l Evans: Microforms (3rd floor)